Ξένος σε ξένη χώρα

Αποθηκεύτηκε σε:
Λεπτομέρειες βιβλιογραφικής εγγραφής
Κύριος συγγραφέας: Heinlein, Robert A. (Robert Anson), 1907-1988
Άλλοι συγγραφείς: Καλλιπολίτης, Βασίλης (Μεταφραστής), Πανώριος, Μάκης, 1935- (Συγγραφέας εισαγωγής κ.λπ.)
Μορφή: Βιβλίο
Γλώσσα:Greek
English
Δημοσίευση: Αθήνα : Αίολος, 1994.
Θέματα:
Ετικέτες: Προσθήκη ετικέτας
Δεν υπάρχουν, Καταχωρήστε ετικέτα πρώτοι!

MARC

LEADER 00000cam a2200000 i 4500
001 1/57459
008 981216s1994####gr | ||| |||| ||gre||
020 |a 9607267745 
035 |l 10045743 
040 |a GR-MyUA  |b gre  |e AACR2 
041 1 |a gre  |h eng 
082 0 |a 813  
100 1 |a Heinlein, Robert A.   |q (Robert Anson),   |d 1907-1988. 
245 1 0 |a Ξένος σε ξένη χώρα /   |c Ρομπερτ Χαινλαιν ; μετάφραση Βασίλης Καλλιπολίτης, εισαγωγή Μάκης Πανώριος.  
260 |a Αθήνα :   |b Αίολος,   |c 1994.  
300 |a 543 σ. ;   |c 21 εκ.  
500 |a Τίτλος πρωτοτύπου: Stranger in a strange land.  
650 0 0 |a American fiction. 
700 1 |a Καλλιπολίτης, Βασίλης,  |e trl 
700 1 |a Πανώριος, Μάκης,   |d 1935-  |e aui 
852 |a INST  |b SAMOS  |e 19981216  |h 813 HEI  |p 005300013640  |q 005300013640  |t BK  |y 0 
901 |a BIBL-1998-3 
909 |a Σ  |b 060571 
922 |a 3ΕΛΗ  |b 199812  |c ΒΙΒΛΙΟΘΗΚΗ  |d ΧΑΡΤΣΑΣ